Hacia una evolución auténtica del aprendizaje/ (Registro nro. 41239)
[ vista simple ]
| 000 -LEADER | |
|---|---|
| fixed length control field | 00643nam a2200217 a 4500 |
| 001 - CONTROL NUMBER | |
| control field | 41239 |
| 003 - CONTROL NUMBER IDENTIFIER | |
| control field | Mx-PuUPA |
| 005 - DATE AND TIME OF LATEST TRANSACTION | |
| control field | 20250328110311.0 |
| 008 - FIXED-LENGTH DATA ELEMENTS--GENERAL INFORMATION | |
| fixed length control field | 140415s2000 000 0 spa d |
| 020 ## - INTERNATIONAL STANDARD BOOK NUMBER | |
| International Standard Book Number | 9789688536254 |
| 040 ## - CATALOGING SOURCE | |
| Transcribing agency | Mx-PuUPA |
| 041 0# - LANGUAGE CODE | |
| Language code of text/sound track or separate title | spa |
| 082 ## - DEWEY DECIMAL CLASSIFICATION NUMBER | |
| Classification number | 658.15 |
| Item number | VEG |
| 100 1# - MAIN ENTRY--PERSONAL NAME | |
| Personal name | Ahumada Acevedo, Pedro, |
| Relator term | autor |
| 9 (RLIN) | 10243 |
| 245 10 - TITLE STATEMENT | |
| Title | Hacia una evolución auténtica del aprendizaje/ |
| Statement of responsibility, etc. | Pedro Ahumada Acevedo |
| 264 #1 - PRODUCTION, PUBLICATION, DISTRIBUTION, MANUFACTURE, AND COPYRIGHT NOTICE | |
| Place of production, publication, distribution, manufacture | Ciudad de México : |
| Name of producer, publisher, distributor, manufacturer | PAIDÓS, |
| Date of production, publication, distribution, manufacture, or copyright notice | 2012 |
| 300 ## - PHYSICAL DESCRIPTION | |
| Extent | 170. |
| 502 ## - DISSERTATION NOTE | |
| Dissertation note | TESIS (LIC. EN ADMINISTRACION DE EMPRESAS)-U.P.A.E.P. |
| 650 14 - SUBJECT ADDED ENTRY--TOPICAL TERM | |
| Topical term or geographic name entry element | ADMINISTRACION FINANCIERA |
| General subdivision | INVERSIONES |
| 942 ## - ADDED ENTRY ELEMENTS (KOHA) | |
| Source of classification or shelving scheme | Dewey Decimal Classification |
| Koha item type | Libro |
No hay ítems disponibles.